=LDR 00000nam 2200000 4500 =001 INLIS000000000033564 =005 20200226064629 =035 ##$$a 0010-061300000033564 =008 200226################g##########0#ind## =041 ##$$a ind =082 ##$$a 155.412 =090 ##$$a 155.412, Asm m =100 ##$$a ASMANI, Jamal Ma'mur =245 1#$$a Mencetak anak Genecis Sebuah Panduan Praktis /$c Jamal Ma'mur Asmani ; editor: A. Azid Muttaqin =260 ##$$a Jogjakarta :$b Diva Press,$c 2009 =300 ##$$a 290 hlm ; $c 20 x 14 cm =650 #4$$a Psikologi Anak =850 ##$$a NBPNMAT =020 ##$$a 979-963-684-1 =084 ##$$a 155.412 ASM m =504 ##$$a Bibliografi : halaman 285 - 287 =990 ##$$a 2090100724/BPAP-NTB/2015 =990 ##$$a 21005661